La Mancomunitat de Catalunya i l'autonomia / Albert Balcells, Enric Pujol, Jordi Sabater
Descripción Física:
597 p., [32] p. de làm. ; 25 cm
MARC
| LEADER | 00000nam a2200000Ia 4500 | ||
|---|---|---|---|
| 001 | 11487 | ||
| 008 | 160829s1996 xx 000 0 cat d | ||
| 080 | |a H-1-68 | ||
| 100 | |a Balcells, Albert |9 31713 | ||
| 245 | |a La Mancomunitat de Catalunya i l'autonomia / Albert Balcells, Enric Pujol, Jordi Sabater | ||
| 260 | |a Barcelona : |b Institut d'Estudis Catalans, |c 1996 | ||
| 300 | |a 597 p., [32] p. de làm. ; |c 25 cm | ||
| 490 | |a Monografies de la Secció Històrico-Arqueològica ; 5 | ||
| 610 | 0 | |a Catalunya. |b Mancomunitat |x Història |9 19438 | |
| 650 | |a Autonomia |x Catalunya |x 1914/1925 |9 35993 | ||
| 700 | 1 | |a Pujol, Enric, |d 1960- |9 35250 | |
| 700 | |a Sabater, Jordi |9 35994 | ||
| 710 | 2 | |a Institut d'Estudis Catalans |9 52284 | |
| 901 | |a Arxiu | ||
| 942 | |n 1 | ||
| 952 | |0 0 |1 0 |4 0 |6 H168 |7 1 |9 47142 |a Arxiu |b Arxiu |d 2016-12-01 |l 0 |o H-1-68 |p 11487 |r 2016-12-01 00:00:00 |w 2016-12-01 |y ARXIU | ||
| 999 | |c 50939 |d 50939 | ||